000 01267cad a22002055a 4500
001 L157107
008 120831s2012 xxk f 000 0 eng d
035 _a(Sirsi) u157107
041 0 _aeng
110 2 _aUnited Kingdom
_bDepartment of Energy and Climate Change
_95850
245 0 0 _aEnergy company obligation "in-use factors" consultation
_h[electronic resource]
260 _aLondon
_bDECC
_c2012
520 _aConsultation seeks views on the inclusion of ?in-use factors? when calculating the carbon reduction scores from insulation measures installed under the Energy Company Obligation (ECO). The in-use factors are designed to bridge the gap between laboratory performance and actual in-situ performance and should ensure greater consistency with the Green Deal. This is particularly useful as many of the energy saving measures will be delivered under both the ECO and the Green Deal. The consultation closes on 14 September 2012.
590 _aKA NTK
651 4 _aUnited Kingdom
_y
690 _aEnergy
_96237
690 _aSustainability
_96271
856 4 0 _uhttps://www.decc.gov.uk/assets/decc/11/consultation/green-deal/6275-energy-company-obligation-inuse-factors-consultat.pdf
_zView the consultation free of charge at www.decc.gov.uk
942 _n0
999 _c114600
_d114600